| 000 | 00746nas a2200265 4500 | ||
|---|---|---|---|
| 001 | BR0300549 | ||
| 003 | BR-BrBNA | ||
| 005 | 20231205103537.0 | ||
| 007 | ta | ||
| 008 | 230509b bl.|||p| |||| 00| 00por d | ||
| 040 |
_aBR-BrBNA _bpor _cBiblioteca Nacional de Agricultura |
||
| 041 | _a(En) | ||
| 072 | _aF63 | ||
| 100 | 1 | _aEskildsen, L.I. | |
| 100 | 1 | _aLindberg, A.B. | |
| 100 | 1 | _aOlesen, J.M. | |
| 245 | 1 | _aAnts monopolise plant resources by shelter-construction | |
| 650 | _aTREPADEIRA | ||
| 650 | _aFORMIGA | ||
| 650 | _aNECTAR | ||
| 650 | _aPOLINIZAÇÃO | ||
| 773 | 0 |
_tActa Amazônica (Brazil) _xISSN 0044-5967 _g(Mar 2001), v. 31(1) p. 155-157 _wBR0300549 |
|
| 909 |
_a202311 _bLúcia _c55 _dLúcia Elande |
||
| 942 |
_2AGRIS _n0 _cANA |
||
| 999 |
_c173429 _d173429 |
||